000
00289nam a22001337a 4500
008
181012b xxu||||| |||| 00| 0 eng d
020
_a
9781554073177
041
_a
eng
080
_a
611
100
_a
6
101
_a
ANA
245
_a
Inside the Body
_c
Greenfield, B.S
942
_2
udc
_c
BK
999
_c
49527
_d
49527